LIBRARY & INFORMATION CENTRE, KCAET, TAVANUR

ONLINE PUBLIC ACCESS CATALOGUE (OPAC)

Introductory economics for higher secondary,pre-university and intermediate students of Indian universities / (Record no. 11418)

MARC details
000 -LEADER
fixed length control field 00608cam a2200205ua 4500
041 ## - LANGUAGE CODE
Language code of text/sound track or separate title eng
082 ## - DEWEY DECIMAL CLASSIFICATION NUMBER
Classification number 330.1
Item number DEW/IN
100 ## - MAIN ENTRY--AUTHOR NAME
Personal name Dewett, Kewal Krishnan .
245 ## - TITLE STATEMENT
Title Introductory economics for higher secondary,pre-university and intermediate students of Indian universities /
250 ## - EDITION STATEMENT
Edition statement 12 /
260 ## - PUBLICATION, DISTRIBUTION, ETC. (IMPRINT)
Place of publication New Delhi :
Name of publisher Premier Publishing Co. ,
Year of publication 1962.
300 ## - PHYSICAL DESCRIPTION
Number of Pages 371 ; .
700 1# - ADDED ENTRY--PERSONAL NAME
Personal name Gurucharan, Singh .
700 1# - ADDED ENTRY--PERSONAL NAME
Personal name Varma, J D .
942 ## - ADDED ENTRY ELEMENTS (KOHA)
Koha item type Books
Holdings
Withdrawn status Lost status Damaged status Home library Current library Date acquired Full call number Accession Number Koha item type
Withdrawn     KAUAET Sanskrit University 07/04/2012 330.1 2627 Books
free website counter